| 000 | 00681nam a2200241Ia 4500 | ||
|---|---|---|---|
| 008 | 170203s9999 xx 000 0 und d | ||
| 020 | _a0 590967851 | ||
| 050 | _a413 | ||
| 050 | _bB691s 1998 | ||
| 100 | _aBollard, John K. | ||
| 245 | _aScholastic children's thesaurus / | ||
| 245 | _cJohn K. Bollard ; illustrated by Mike Reed. | ||
| 260 | _aNew York : | ||
| 260 | _bScholastic Reference, | ||
| 260 | _c1998 | ||
| 300 | _a256 pages : | ||
| 300 | _bcolor illustrations ; | ||
| 300 | _c26 cm. | ||
| 650 | _aEnglish language -- | ||
| 650 | _aEnglish language -- Synonyms and antonyms -- | ||
| 650 | _xJuvenile literature. | ||
| 650 | _xSynonyms and antonyms. | ||
| 999 |
_c305708 _d305708 |
||